Top 100 Biggest Cities in US States that Start with U-V - Statistics

General Stats
  • This quiz has been taken 119 times
  • The average score is 24 of 100
Answers on the Map
Answers color-coded by a green-red scale on the quiz's map according to % correct below.
 
Answer Stats
State City Population % Correct
Virginia Virginia Beach 450,099
91%
Utah Salt Lake City 200,699
90%
Virginia Richmond 231,651
85%
Utah Provo 116,606
78%
Vermont Burlington 42,941
73%
Virginia Norfolk 241,899
72%
Virginia Chesapeake 247,311
68%
Virginia Newport News 179,927
66%
Virginia Arlington 233,464
65%
Virginia Alexandria 159,787
64%
Utah Ogden 88,344
64%
Virginia Roanoke 99,277
59%
Utah West Valley City 134,514
59%
Virginia Charlottesville 47,026
55%
Virginia Hampton 134,690
55%
Utah West Jordan 117,350
53%
Utah St. George 92,061
51%
Virginia Lynchburg 83,027
50%
Utah Orem 98,226
50%
Virginia Blacksburg 43,984
45%
Virginia Fairfax 24,313
38%
Virginia Suffolk 93,241
38%
Virginia Manassas 41,124
36%
Utah Logan 51,750
35%
Utah Sandy 96,023
34%
Virginia Fredericksburg 28,901
32%
Virginia Springfield 32,222
32%
Virginia Portsmouth 94,046
31%
Virginia Harrisonburg 52,544
30%
Utah South Jordan 79,359
28%
Virginia Danville 39,439
27%
Virginia Leesburg 53,691
27%
Virginia Petersburg 31,636
27%
Virginia Winchester 28,194
26%
Utah Layton 78,847
23%
Utah Lehi 73,490
23%
Virginia Staunton 25,302
22%
Utah American Fork 33,841
19%
Utah Spanish Fork 41,904
19%
Utah Draper 49,041
18%
Virginia Reston 61,147
18%
Utah Washington 30,649
18%
Virginia Waynesboro 22,729
18%
Virginia Salem 25,309
17%
Utah Bountiful 43,937
16%
Virginia Chester 22,032
16%
Virginia Mechanicsville 37,496
16%
Utah Cedar City 36,534
15%
Virginia Hopewell 22,580
15%
Virginia McLean 47,682
15%
Utah Taylorsville 59,605
15%
Utah Roy 39,964
14%
Utah South Salt Lake 25,890
14%
Utah Riverton 44,623
13%
Virginia Ashburn 49,848
11%
Virginia Centreville 74,125
11%
Virginia Christiansburg 22,550
11%
Utah Farmington 26,206
11%
Utah Millcreek 61,840
11%
Utah Murray 48,704
11%
Utah North Ogden 21,201
11%
Utah Springville 33,563
11%
Virginia Tysons 24,261
11%
Virginia Annandale 43,295
10%
Virginia Burke 42,806
10%
Utah Herriman 58,033
10%
Virginia Short Pump 28,328
10%
Virginia Chantilly 24,368
9%
Virginia Dale City 72,627
9%
Utah Tooele 36,740
9%
Utah Eagle Mountain 41,226
8%
Virginia Oakton 36,997
8%
Utah Saratoga Springs 35,224
8%
Virginia Tuckahoe 48,799
8%
Virginia Cave Spring 26,001
7%
Virginia Herndon 24,709
7%
Utah Kaysville 32,747
7%
Virginia Lake Ridge 44,716
7%
Virginia Rose Hill 22,252
7%
Virginia Sterling 30,271
7%
Virginia Bailey's Crossroads 24,180
6%
Virginia Brambleton 21,358
6%
Utah Clearfield 32,313
6%
Utah Clinton 22,719
6%
Utah Cottonwood Heights 33,700
6%
Utah Holladay 30,062
6%
Virginia Lincolnia 23,933
6%
Utah Magna 26,802
6%
Utah Pleasant Grove 38,114
6%
Utah Syracuse 32,564
6%
Virginia West Falls Church 29,623
6%
Virginia West Springfield 24,223
6%
Virginia Fair Oaks 33,481
5%
Utah Kearns 36,133
5%
Virginia McNair 21,458
5%
Utah Midvale 34,742
5%
Virginia Woodlawn 24,351
5%
Virginia Linton Hall 41,386
3%
Virginia Marumsco 37,770
3%
Virginia South Riding 31,515
3%
No matching quizzes found
Score Distribution
Percent of People with Each Score
Percentile by Number Answered
Your Score History
You have not taken this quiz